000 00588cam a2200205 4500
008 000000n2000 000 0 eng u
020 _a1860813542
035 _a(Sirsi) u105313
050 _a690
110 _aBuilding Research Establishment
245 _aInsulating roofs at rafter level : sarking insulation.
260 _aLondon
_bCRC
_c2000
300 _a8p. : ill. ; 30cm.
490 _aBRE Good Building Guide
_v37
650 _aROOF INSULATION
650 _aTHERMAL INSULATION
650 _aVENTILATION
690 _aBUILT ENVIRONMENT-CONSTRUCTION DESIGN
942 _n0
999 _c100359
_d100359